000 00432nam a2200169Ia 4500
005 20240808110036.0
008 131103s9999 xx 000 0 und d
040 _aLoreto College
041 _aEnglish
082 _a822
_bPRI
245 _aPrize plays
_b and some others for young players
260 _aLondon
_bOxford University Press
_c1945
300 _av,272p.
650 _aEnglish drama
850 _aLCBED
942 _cBK
999 _c29726
_d80205